The convenience store by the sea / (Record no. 9570)

MARC details
000 -LEADER
fixed length control field 01126nam a22002657a 4500
001 - CONTROL NUMBER
control field 9570
003 - CONTROL NUMBER IDENTIFIER
control field FISKH
005 - DATE AND TIME OF LATEST TRANSACTION
control field 20260123145138.0
008 - FIXED-LENGTH DATA ELEMENTS--GENERAL INFORMATION
fixed length control field 260123b cb ||||| |||| 00| 0 eng d
020 ## - INTERNATIONAL STANDARD BOOK NUMBER
International Standard Book Number 9781398722774
040 ## - CATALOGING SOURCE
Original cataloging agency FISKH
Language of cataloging eng
Transcribing agency FISKH
Modifying agency FISKH
050 ## - LIBRARY OF CONGRESS CALL NUMBER
Classification number PL873 .A342 .K6613
082 ## - DEWEY DECIMAL CLASSIFICATION NUMBER
Classification number 890.00
100 ## - MAIN ENTRY--PERSONAL NAME
Personal name Machida, Sonoko
Relator term Author
245 ## - TITLE STATEMENT
Title The convenience store by the sea /
Statement of responsibility, etc. Sonoko Machida ; translated by Bruno Navasky
260 ## - PUBLICATION, DISTRIBUTION, ETC.
Place of publication, distribution, etc. London :
Name of publisher, distributor, etc. Orion Fiction ,
Date of publication, distribution, etc. 2024
300 ## - PHYSICAL DESCRIPTION
Extent 282 pages :
Other physical details illustrations ;
Dimensions 20 cm
520 ## - SUMMARY, ETC.
Summary, etc. A quaint seaside town in Kitakyushu, Mojiko is full of hidden delights. And one unexpected treasure is the 24/7 convenience store, Tenderness.<br/>Sure, it's a bit odd that the incredibly handsome manager has his own fan club. And perhaps the customers are somewhat eccentric, if not entertaining. But there's a warmth about the store that draws you in.
650 ## - SUBJECT ADDED ENTRY--TOPICAL TERM
Topical term or geographic name entry element Relationships
Form subdivision Slice of life
650 ## - SUBJECT ADDED ENTRY--TOPICAL TERM
Topical term or geographic name entry element Heartwarming
Form subdivision Cozy
650 ## - SUBJECT ADDED ENTRY--TOPICAL TERM
Topical term or geographic name entry element Japanese literature
Form subdivision Translated
700 ## - ADDED ENTRY--PERSONAL NAME
Personal name Navasky, Bruno
Relator term Translator
942 ## - ADDED ENTRY ELEMENTS (KOHA)
Source of classification or shelving scheme Dewey Decimal Classification
Koha item type Books
Suppress in OPAC No
Holdings
Withdrawn status Lost status Source of classification or shelving scheme Damaged status Not for loan Collection Home library Current library Shelving location Date acquired Total Checkouts Full call number Barcode Date last seen Date last checked out Copy number Price effective from Koha item type
    Dewey Decimal Classification     Fiction Footprints International School Library Network Toul Tom Poung Campus Footprints International School Library Network Toul Tom Poung Campus TTP Secondary Fiction Bookshelves 01/23/2026 1 MAC 890.00 PL873 .A342 .K6613 2026-0087 04/20/2026 03/17/2026 1 01/23/2026 Books